000 00537nam a22001697a 4500
005 20251108172842.0
008 250721s1998 xx 000 0 ara d
082 1 4 _a634.6/ندو
245 1 0 _aالندوة القومية حول إعداد و إستخدام التقنية لتحسين إنتاج النخيل /
264 1 _aالخرطوم :
_bجامعة الدول العربية،
_c1998.
300 _a351 ص.
650 1 7 _aالزراعة
650 1 7 _aالنخيل
650 1 7 _aالري
942 _2ddc
_cBK
999 _c90075
_d90075